| 000 | 01617nam a2200505 i 4500 | ||
|---|---|---|---|
| 001 | 21923 | ||
| 003 | KOSZ 005 | ||
| 005 | 20240405063030.0 | ||
| 008 | 990506s1983 pl a f |001 0 pol | ||
| 015 | _aPB 1983/5440 | ||
| 020 | _a8304007126 | ||
| 035 | _a991009400989705066 | ||
| 035 | _a(PL-WaBN)b12546392-48omnis_nlop | ||
| 035 | _ab12546392 | ||
| 035 | _a(OCoLC)835923876 | ||
| 035 | _a(PL)b0000001254639 | ||
| 035 | _a(EXLNZ-48OMNIS_NETWORK)9910470270005606 | ||
| 040 |
_aWA N _cWA N _dKOSZ 005/EG |
||
| 041 | _apol | ||
| 046 | _k1983 | ||
| 080 | _a94(438) | ||
| 100 | 1 |
_aZieliński, Henryk _d(1920-1981) _eAutor |
|
| 245 | 1 | 0 |
_aHistoria Polski 1914-1939 / _cHenryk Zieliński. |
| 260 |
_aWrocław [etc.] : _bZakład Narodowy im. Ossolińskich, _c1983. |
||
| 300 |
_a427 s., [1] k. tabl. : _bfaks., fot., mapy, portr. ; _c25 cm. |
||
| 336 |
_2rdacontent _aTekst _btxt |
||
| 337 |
_2rdamedia _aBez urządzenia pośredniczącego _bn |
||
| 338 |
_2rdacarrier _aWolumin _bnc |
||
| 380 | _aKsiążki | ||
| 388 | _a1901-2000 | ||
| 388 | _a1945-1989 | ||
| 500 | _aW metryce r. wyd.: 1982. | ||
| 504 | _aIndeks. | ||
| 648 | 7 |
_a1901-1914 _2DBN |
|
| 648 | 7 |
_a1901-2000 _2DBN |
|
| 648 | 7 |
_a1914-1918 _2DBN |
|
| 648 | 7 |
_a1918-1939 _2DBN |
|
| 650 | 2 | _aHistoria | |
| 651 | 7 |
_aPolska _2DBN |
|
| 658 | _aHistoria | ||
| 710 | 2 |
_aZakład Narodowy im. Ossolińskich _bWydawnictwo |
|
| 856 |
_uhttp://koha.tu.koszalin.pl/cgi-bin/koha/opac-detail.pl?biblionumber=21923 _yKatalog online BPK |
||
| 942 |
_2UKD _cKS |
||
| 999 |
_c21923 _d21923 |
||